000 00416nam a2200157Ia 4500
008 230711s9999||||xx |||||||||||||| ||und||
041 _aENG
082 _a620.112
_bCA-M
100 _aCallister Jr,Willam D
245 3 _aAn introduction material science and engineering
250 _a6th Ed.
260 _c2006
_aNew Delhi
_bWiley Eastern Limited
300 _a820
650 _aMechanical Engineering
942 _cBK
999 _c4662
_d4662